Concepto y tratamiento contable de los sobreprecios de inflación (Registro nro. 23963)
[ vista simple ]
| 000 -LEADER | |
|---|---|
| fixed length control field | 00399 a2200121 4500 |
| 001 - CONTROL NUMBER | |
| control field | ART_10024 |
| 005 - DATE AND TIME OF LATEST TRANSACTION | |
| control field | 20260410161839.0 |
| 008 - FIXED-LENGTH DATA ELEMENTS--GENERAL INFORMATION | |
| fixed length control field | 260409a |
| 100 1# - MAIN ENTRY--PERSONAL NAME | |
| Personal name | Luppi, Hugo Alberto |
| 245 10 - TITLE STATEMENT | |
| Title | Concepto y tratamiento contable de los sobreprecios de inflación |
| 700 1# - ADDED ENTRY--PERSONAL NAME | |
| Personal name | Matheu, Luis María |
| 773 0# - HOST ITEM ENTRY | |
| Title | Contabilidad y administración |
| Related parts | - Año 7, Nº 80 (feb. 1984) |
| Record control number | REV5485 |
No hay ítems disponibles.